Current Leaders in Passing Yards - Statistics

General Stats
  • This quiz has been taken 2 times
  • The average score is 13 of 15
Answer Stats
Yards Quarterback % Correct
800 Dak Prescott
100%
816 Daniel Jones
100%
785 Drake Maye
100%
831 Geno Smith
100%
663 Jordan Love
100%
755 Josh Allen
100%
860 Justin Herbert
100%
722 Lamar Jackson
100%
739 Matthew Stafford
100%
669 Patrick Mahomes
100%
663 Sam Darnold
100%
715 Caleb Williams
50%
761 Jared Goff
50%
778 Russell Wilson
50%
671 Trevor Lawrence
0%
No matching quizzes found
Score Distribution
Percent of People with Each Score
Percentile by Number Answered
Your Score History
You have not taken this quiz